000 01433nam a2200241Ia 4500
003 Ost
005 20260416102351.0
008 260416s9999||||xx |||||||||||||| ||und||
040 _cfsecg
041 _aara
082 _a301.14
100 _aسعادي،الخنساء
_eمؤلف
245 0 _aالإتصال /
_cالخنساء سعادي
260 _aالجزائر
_bجامعة الجزائر3: كلية العلوم الإقتصادية، العلوم التجارية وعلوم التسيير
_c2017
300 _a61 ورقة
_bايضاحات
_c30 سم
504 _aمراجع ص.60
520 _aاهداف الاتصال الاداري، النموذج العام للاتصال، خطوات عملية الاتصال، سلسلة الغيبة والنميمة، السلسلة العنقودية، أشكال الاتصال المركزي لفرق العمل، أشكال الاتصال اللامركزي لفرق العمل، العلاقة بين الأنترانت والكسترانت، العناصر الأساسية للمزيج الاتصالي، التخطيط لصياغة الاستراتيجية الاتصالية الخضراء.
653 _aالاتصال
653 _aالادارة
653 _aالتخطيط
710 _aجامعة الجزائر3: كلية العلوم الإقتصادية، العلوم التجارية وعلوم التسيير
_eناشر علمي
942 _cHANDOUT
999 _c41027
_d41027